Harmonía entre la ciencia y la fe / (Record no. 159725)

MARC details
000 -LEADER
campo de control de longitud fija 00668nam a22001935i 4500
001 - NÚMERO DE CONTROL
campo de control 159725
003 - IDENTIFICADOR DE NÚMERO DE CONTROL
campo de control ES-MaACL
005 - FECHA Y HORA DE LA ÚLTIMA TRANSACCIÓN
campo de control 20250728111239.0
008 - DATOS DE LONGITUD FIJA--INFORMACIÓN GENERAL
campo de control de longitud fija 940202s1881 sp |||| | spa d
100 1# - ENTRADA PRINCIPAL--NOMBRE DE PERSONA
Nombre de persona Mir, Miguel (
Fechas asociadas al nombre 1841-1912)
9 (RLIN) 81426
245 10 - MENCIÓN DEL TÍTULO
Título Harmonía entre la ciencia y la fe /
Mención de responsabilidad, etc. ensayo escrito por el P. Miguel Mir, de la Compañía de Jesús.
246 3# - FORMA VARIANTE DEL TITULO
Título propio/Titulo breve Armonía entre la ciencia y la fe
260 ## - PUBLICACIÓN, DISTRIBUCIÓN, ETC.
Lugar de publicación, distribución, etc. Madrid :
Nombre del editor, distribuidor, etc. [s.n.],
Fecha de publicación, distribución, etc. 1881 (
Fabricante Manuel Tello)
300 ## - DESCRIPCIÓN FÍSICA
Extensión 374 p. ;
Dimensiones 22 cm.
597 ## - NOTA DE DESCRIPCIÓN FÍSICA
NOTA DE DESCRIPCIÓN FÍSICA Port. a dos tintas.
650 #7 - PUNTO DE ACCESO ADICIONAL DE MATERIA--TÉRMINO DE MATERIA
Término de materia o nombre geográfico como elemento de entrada Religión y ciencia
Fuente del encabezamiento o término embne
9 (RLIN) 16806
852 ## - LOCALIZACIÓN
Ubicación ES-MaACL
Número de control de estantería G-9788
Nota libre - Enc. hol.
Holdings
Estatus retirado Estado de pérdida Estado de daño No para préstamo Colección Biblioteca de origen Biblioteca actual Ubicación en estantería Fecha de adquisición Fuente de adquisición Total de préstamos Signatura topográfica completa Código de barras Visto por última vez Precio de reemplazo Tipo de ítem Koha
        Libros del s. XIX Biblioteca del Ateneo de Madrid Biblioteca del Ateneo de Madrid Sala Pecera Planta 3 17/01/2008     G-9788 1167214 23/02/2023 23/02/2023 Libro impreso antiguo